Online
Catalog

El libro de la alegría : (Record no. 24367)

MARC details
000 -CABECERA
campo de control de longitud fija 00826nam a2200229 a 4500
001 - NÚMERO DE CONTROL
campo de control 000024874
005 - FECHA Y HORA DE LA ÚLTIMA TRANSACCIÓN
campo de control 20200930023424.0
008 - DATOS DE LONGITUD FIJA--INFORMACIÓN GENERAL
campo de control de longitud fija 110207s1999 ag r 000 0 spa d
020 ## - NÚMERO INTERNACIONAL ESTÁNDAR DEL LIBRO
Número Internacional Estándar del Libro 8478082700
040 ## - FUENTE DE LA CATALOGACIÓN
Centro catalogador/agencia de origen DO-SdBNP
Lengua de catalogación spa
Centro/agencia transcriptor BNPHU
041 17 - CÓDIGO DE LENGUA
Código de lengua del texto/banda sonora o título independiente spa
Código de lengua original eng
Fuente del código Código de idiomas MARC
082 ## - NÚMERO DE LA CLASIFICACIÓN DECIMAL DEWEY
Número de clasificación nn*
Número de documento/Ítem nn*
049 ## - FONDOS LOCALES (OCLC)
Fondos de biblioteca BNGR
100 1# - ENTRADA PRINCIPAL--NOMBRE DE PERSONA
Nombre de persona Raja Baba, Prem.
9 (RLIN) 51050
240 14 - TÍTULO UNIFORME
Título uniforme The joy book.
Lenguaje de la obra Español
245 10 - MENCIÓN DE TÍTULO
Título El libro de la alegría :
Resto del título el camino del amor incondicional /
Mención de responsabilidad, etc. Prem Raja Baba ; traducción de Víctor Hernández García.
260 ## - PUBLICACIÓN, DISTRIBUCIÓN, ETC.
Lugar de publicación, distribución, etc. Buenos Aires :
Nombre del editor, distribuidor, etc. Sirio,
Fecha de publicación, distribución, etc. 1999.
300 ## - DESCRIPCIÓN FÍSICA
Extensión 173 p. ;
Dimensiones 21 cm.
534 ## - NOTA SOBRE LA VERSIÓN ORIGINAL
Encabezamiento principal del original Título original :
Mención de título del original The joy book
500 ## - NOTA GENERAL
Nota general "Un método sencillo para crear algría, prosperidad y amor incondicional en tu vida".
700 1# - PUNTO DE ACCESO ADICIONAL--NOMBRE DE PERSONA
Nombre de persona Hernández García, Víctor,
Término indicativo de función/relación tr.
9 (RLIN) 51051
Holdings
Estado de retiro Estado de pérdida Restricciones de uso No para préstamo Código de colección Localización permanente Ubicación/localización actual Ubicación en estantería Fecha de adquisición Número de inventario Total de préstamos Signatura topográfica completa Código de barras Fecha visto por última vez Precio válido a partir de Tipo de ítem Koha
        Monografías: Libros y Folletos General General En catalogación 07.02.2011 LF1   nn* nn* 24874-10 25.06.2020 25.06.2020 Préstamo en sala

Powered by Koha